| 000 | 00353nam a22001457a 4500 | ||
|---|---|---|---|
| 999 |
_c11030 _d11030 |
||
| 082 |
_27th _a617.69 _bHOW |
||
| 100 | _aHowe,s Geoffrey | ||
| 245 | _aLocal Anaesthesia | ||
| 250 | _a7th | ||
| 260 |
_aIndia _bArya _c2014 |
||
| 300 |
_a98 _bill _c20cm |
||
| 440 | _aLocal Anaesthesia | ||
| 650 |
_aDentistry, Surgery _vPain,Equipment |
||
| 942 |
_2ddc _cBK _e7th |
||